Library Banner

Clinical immunology and serology : (Record no. 121054)

MARC details
000 -LEADER
fixed length control field 00614nam a22001937a 4500
005 - DATE AND TIME OF LATEST TRANSACTION
control field 20210114175600.0
008 - FIXED-LENGTH DATA ELEMENTS--GENERAL INFORMATION
fixed length control field 210114b ||||| |||| 00| 0 eng d
020 ## - INTERNATIONAL STANDARD BOOK NUMBER
International Standard Book Number 9780803644663
040 ## - CATALOGING SOURCE
Transcribing agency PK-LaUMT
082 ## - DEWEY DECIMAL CLASSIFICATION NUMBER
Classification number 616.0756
Item number STE-C
100 ## - MAIN ENTRY--PERSONAL NAME
Personal name Stevens, Christine Dorresteyn
245 ## - TITLE STATEMENT
Title Clinical immunology and serology :
Remainder of title a laboratory perspective /
Statement of responsibility, etc by Christine Dorresteyn Stevens and Linda E. Miller
250 ## - EDITION STATEMENT
Edition statement 4th ed.
260 ## - PUBLICATION, DISTRIBUTION, ETC. (IMPRINT)
Place of publication, distribution, etc Philadelphia :
Name of publisher, distributor, etc F. A. Davis Company,
Date of publication, distribution, etc 2017
300 ## - PHYSICAL DESCRIPTION
Extent 545 p.
650 ## - SUBJECT ADDED ENTRY--TOPICAL TERM
Topical term or geographic name as entry element Immunity-Physiology
650 ## - SUBJECT ADDED ENTRY--TOPICAL TERM
Topical term or geographic name as entry element Immune system diseases-Diagnosis
942 ## - ADDED ENTRY ELEMENTS (KOHA)
Koha item type Books
Holdings
Withdrawn status Lost status Damaged status Home library Current library Date acquired Full call number Barcode Date last seen Price effective from Koha item type
      UMT Health Sciences Campus UMT Health Sciences Campus 2021-01-14 616.0756 STE-C 136234 2021-02-17 2021-01-14 Books